000 00385pam a2200157a 44500
008 230515b1992 xxu||||| |||| 00| 0 eng d
020 _aNULL
041 _aENG
082 _a618.2
100 _aDAWN C.A.
245 _aTEXTBOOK OF OBSTETRICS AND NEONATOLOGY
250 _a0
260 _aNULL
_bDAWN BOOKS CALCUTTA -14
_c1992
300 _a634
650 _aOBSTETRICS & GYNAECOLOGY
999 _c545877
_d545877